000 00537nam a2200193Ia 4500
005 20250508150623.0
008 008 250505s9999 xx 000 0 eng d
037 _aTextual
040 _aFEDL
_beng
_cFEDL
041 _aeng
_2eng
084 _a157.8, TRE
_qFEDL
100 _aTredgold A. F.
_989276
245 2 _aA text - book of mental deficiency
260 _aLondon, UK
_bTindall and Cox
_c1947
300 _axvi,534p.
650 _aAbnormal Psychology
942 _cTEXL
_h157.8, TRE
999 _c1324623
_d1324623